<?xml version="1.0" encoding="UTF-8"?>
<record
    xmlns:xsi="http://www.w3.org/2001/XMLSchema-instance"
    xsi:schemaLocation="http://www.loc.gov/MARC21/slim http://www.loc.gov/standards/marcxml/schema/MARC21slim.xsd"
    xmlns="http://www.loc.gov/MARC21/slim">

  <leader>01157nam a22002537a 4500</leader>
  <datafield tag="999" ind1=" " ind2=" ">
    <subfield code="c">4587</subfield>
    <subfield code="d">4587</subfield>
  </datafield>
  <controlfield tag="001">12472</controlfield>
  <controlfield tag="003">BD-DhUAP</controlfield>
  <controlfield tag="005">20201115115235.0</controlfield>
  <controlfield tag="008">201115s2009    bg  |||| |||| 000 0 ben d</controlfield>
  <datafield tag="020" ind1=" " ind2=" ">
    <subfield code="a">9843000002008</subfield>
  </datafield>
  <datafield tag="040" ind1=" " ind2=" ">
    <subfield code="a">BD-DhUAP</subfield>
    <subfield code="b">Ben</subfield>
    <subfield code="c">BD-DhUAP</subfield>
    <subfield code="d">BD-DhUAP</subfield>
  </datafield>
  <datafield tag="082" ind1=" " ind2=" ">
    <subfield code="2">23</subfield>
    <subfield code="a">305.552 SAI</subfield>
  </datafield>
  <datafield tag="100" ind1=" " ind2=" ">
    <subfield code="a">&#x9B8;&#x9BE;&#x987;&#x9A6;, &#x98F;&#x9A1;&#x9B0;&#x9AF;&#x9BC;&#x9BE;&#x9B0;&#x9CD;&#x9A1; &#x9A1;&#x9AC;&#x9CD;&#x9B2;&#x9BF;&#x989;&#x964;</subfield>
  </datafield>
  <datafield tag="245" ind1=" " ind2=" ">
    <subfield code="a">&#x9B0;&#x9BF;&#x9AA;&#x9CD;&#x9B0;&#x9C7;&#x99C;&#x9C7;&#x9A8;&#x9CD;&#x99F;&#x9C7;&#x9B6;&#x9A8;&#x9B8;&#x9CD;&#x200C; &#x985;&#x9AB; &#x9A6;&#x9CD;&#x9AF; &#x987;&#x9A8;&#x9CD;&#x99F;&#x9C7;&#x9B2;&#x9C7;&#x995;&#x99A;&#x9C1;&#x9AF;&#x9BC;&#x9BE;&#x9B2; /</subfield>
    <subfield code="c">&#x98F;&#x9A1;&#x9B0;&#x9AF;&#x9BC;&#x9BE;&#x9B0;&#x9CD;&#x9A1; &#x9A1;&#x9AC;&#x9CD;&#x9B2;&#x9BF;&#x989; &#x9B8;&#x9BE;&#x987;&#x9A6; ; &#x9A6;&#x9C7;&#x9AC;&#x9BE;&#x9B6;&#x9C0;&#x9B7; &#x995;&#x9C1;&#x9AE;&#x9BE;&#x9B0; &#x995;&#x9C1;&#x9A8;&#x9CD;&#x9A1;&#x9C1; &#x985;&#x9A8;&#x9C1;&#x9A6;&#x9BF;&#x9A4; ; &#x9AE;&#x9BE;&#x9B9;&#x9AC;&#x9C1;&#x9AC;&#x9BE; &#x9A8;&#x9BE;&#x9B8;&#x9B0;&#x9C0;&#x9A8; &#x9B8;&#x9AE;&#x9CD;&#x9AA;&#x9BE;&#x9A6;&#x9BF;&#x9A4;&#x964;</subfield>
  </datafield>
  <datafield tag="250" ind1=" " ind2=" ">
    <subfield code="a">&#x9E8;&#x9AF;&#x9BC; &#x9B8;&#x982;.&#x964;</subfield>
  </datafield>
  <datafield tag="260" ind1=" " ind2=" ">
    <subfield code="a">&#x9A2;&#x9BE;&#x995;&#x9BE; :</subfield>
    <subfield code="b">&#x9B8;&#x982;&#x9AC;&#x9C7;&#x9A6;,</subfield>
    <subfield code="c">c&#x9E8;&#x9E6;&#x9E6;&#x9EF;&#x964;</subfield>
  </datafield>
  <datafield tag="300" ind1=" " ind2=" ">
    <subfield code="a">&#x9EE;&#x9EE; &#x9AA;&#x9C3;&#x9B7;&#x9CD;&#x9A0;&#x9BE; ;</subfield>
    <subfield code="c">&#x9E8;&#x9E7; &#x9B8;&#x9C7;&#x9AE;&#x9BF;.&#x964;</subfield>
  </datafield>
  <datafield tag="650" ind1=" " ind2=" ">
    <subfield code="a">Intellectuals.</subfield>
  </datafield>
  <datafield tag="650" ind1=" " ind2=" ">
    <subfield code="a">Intellectuals in literature.</subfield>
  </datafield>
  <datafield tag="650" ind1=" " ind2=" ">
    <subfield code="a">Tradition (Philosophy).</subfield>
  </datafield>
  <datafield tag="700" ind1=" " ind2=" ">
    <subfield code="a">&#x995;&#x9C1;&#x9A8;&#x9CD;&#x9A1;&#x9C1;, &#x9A6;&#x9C7;&#x9AC;&#x9BE;&#x9B6;&#x9C0;&#x9B7; &#x995;&#x9C1;&#x9AE;&#x9BE;&#x9B0;&#x964;</subfield>
  </datafield>
  <datafield tag="700" ind1=" " ind2=" ">
    <subfield code="a">&#x9A8;&#x9BE;&#x9B8;&#x9B0;&#x9C0;&#x9A8;, &#x9AE;&#x9BE;&#x9B9;&#x9AC;&#x9C1;&#x9AC;&#x9BE;&#x964;</subfield>
  </datafield>
  <datafield tag="942" ind1=" " ind2=" ">
    <subfield code="2">ddc</subfield>
    <subfield code="c">BK</subfield>
  </datafield>
  <datafield tag="952" ind1=" " ind2=" ">
    <subfield code="0">0</subfield>
    <subfield code="1">0</subfield>
    <subfield code="2">ddc</subfield>
    <subfield code="4">0</subfield>
    <subfield code="7">0</subfield>
    <subfield code="a">UAPCL</subfield>
    <subfield code="b">UAPCL</subfield>
    <subfield code="c">General Stacks</subfield>
    <subfield code="d">2020-11-15</subfield>
    <subfield code="l">1</subfield>
    <subfield code="m">1</subfield>
    <subfield code="o">305.552 SAI</subfield>
    <subfield code="p">3010012472</subfield>
    <subfield code="q">2023-05-24</subfield>
    <subfield code="r">2023-03-28</subfield>
    <subfield code="s">2023-03-28</subfield>
    <subfield code="t">1</subfield>
    <subfield code="w">2020-11-15</subfield>
    <subfield code="y">BK</subfield>
  </datafield>
</record>
